Rose from brier / (Record no. 5744)

MARC details
000 -LEADER
fixed length control field 00571nam a22001937a 4500
003 - CONTROL NUMBER IDENTIFIER
control field GBCCL
005 - DATE AND TIME OF LATEST TRANSACTION
control field 20241126110549.0
008 - FIXED-LENGTH DATA ELEMENTS--GENERAL INFORMATION
fixed length control field 180405b ||||| |||| 00| 0 eng d
040 ## - CATALOGING SOURCE
Transcribing agency gbc
082 ## - DEWEY DECIMAL CLASSIFICATION NUMBER
Classification number 248.86
Item number CAR
100 ## - MAIN ENTRY--PERSONAL NAME
Personal name Carmichael, Amy
9 (RLIN) 10375
245 ## - TITLE STATEMENT
Title Rose from brier /
Statement of responsibility, etc. Amy Carmichael
260 ## - PUBLICATION, DISTRIBUTION, ETC.
Place of publication, distribution, etc. Pennsylvania:
Name of publisher, distributor, etc. Christian Literature Crusade,
Date of publication, distribution, etc. 1973
300 ## - PHYSICAL DESCRIPTION
Extent 200 p.;
Dimensions 18 cm.
650 ## - SUBJECT ADDED ENTRY--TOPICAL TERM
Topical term or geographic name entry element Suffering
Form subdivision Religious aspects
General subdivision Christianity
9 (RLIN) 7869
650 ## - SUBJECT ADDED ENTRY--TOPICAL TERM
Topical term or geographic name entry element Consolation
9 (RLIN) 348
650 ## - SUBJECT ADDED ENTRY--TOPICAL TERM
Topical term or geographic name entry element Religion
Form subdivision Christian life
General subdivision Devotional
9 (RLIN) 10376
942 ## - ADDED ENTRY ELEMENTS (KOHA)
Source of classification or shelving scheme Dewey Decimal Classification
Koha item type Books
Holdings
Withdrawn status Lost status Source of classification or shelving scheme Damaged status Not for loan Home library Current Library Shelving location Date acquired Total checkouts Full call number Barcode Date last seen Copy number Price effective from Koha item type
    Dewey Decimal Classification     GRACE BIBLE COLLEGE GRACE BIBLE COLLEGE Ministry & Mission 2018-04-05   248.86 CAR 008758 2025-05-01 c.1 2018-04-05 Books
© Grace Bible College Library 2025